Loading...
| Religion | 0 | 4 | 0 | 0 | 40 | 14 | 45.75 | 2 | 3 |
| Science - Other Science | 0 | 4 | 1 | 0 | 35 | 13 | 20.25 | 3 | 4 |
| History - European History | 0 | 3 | 0 | 0 | 30 | 42 | 43.33 | 0 | 3 |
| History - American History | 0 | 4 | 2 | 0 | 30 | 43 | 63.75 | 0 | 3 |
| History - World History | 0 | 3 | 1 | 0 | 25 | 24 | 32.33 | 1 | 3 |
| Mythology | 0 | 2 | 0 | 0 | 20 | 30 | 49.00 | 0 | 1 |
| Philosophy | 0 | 2 | 0 | 0 | 20 | 32 | 66.00 | 0 | 2 |
| History - Other History | 0 | 2 | 0 | 0 | 20 | 23 | 33.50 | 2 | 2 |
| Literature - European Literature | 0 | 2 | 0 | 0 | 20 | 60 | 87.00 | 1 | 2 |
| Social Science | 0 | 2 | 1 | 1 | 15 | 81 | 92.50 | 1 | 1 |
| Literature - American Literature | 0 | 1 | 0 | 0 | 10 | 65 | 65.00 | 0 | 1 |
| Current Events | 0 | 1 | 0 | 0 | 10 | 76 | 76.00 | 0 | 1 |
| Painting/Sculpture | 0 | 1 | 0 | 1 | 10 | 121 | 121.00 | 0 | 0 |
| Fine Arts - Classical Music | 0 | 1 | 0 | 0 | 10 | 64 | 64.00 | 0 | 1 |
| Literature - British Literature | 0 | 1 | 1 | 0 | 5 | 86 | 86.00 | 0 | 1 |
| Literature - World Literature | 0 | 1 | 1 | 0 | 5 | 123 | 123.00 | 0 | 0 |
| Geography | 0 | 1 | 1 | 0 | 5 | 91 | 91.00 | 0 | 1 |
| Science - Biology | 0 | 1 | 1 | 1 | 5 | 98 | 98.00 | 0 | 1 |
| Science - Physics | 0 | 1 | 1 | 0 | 5 | 71 | 71.00 | 0 | 1 |
| Fine Arts - Other Fine Arts | 0 | 0 | 1 | 0 | -5 | 0.00 | 0 | 0 | |
| Science - Chemistry | 0 | 0 | 1 | 0 | -5 | 0.00 | 0 | 0 |